000 00490pab a2200169 454500
008 180718b2007 xxu||||| |||| 00| 0 eng d
100 _aAlozie, Nicholas O.
245 _aBlacks and Latinos in city management: prospects and challenges in council-manager governments
260 _c2007
300 _ap.47-63.
362 _aJan
650 _aLocal government
700 _aMoore, Cherise G.
773 _aInternational Journal of Public Administration
908 _aN
909 _a74927
999 _c74927
_d74927